000 00683nam a2200253Ia 4500
003 OSt
005 20220918214422.0
006 a|||||r|||| 00| 0
007 ta
008 220917b |||||||| |||| 00| 0 eng d
024 _a137,406
037 _cTextual
040 _aARTS
_cARTS
_beng
041 _2eng
_aeng
082 _aY:351.2, M5
100 _aIslam Mazharwl
_9131258
245 0 _aFolkare
_b The pulse of the people
260 _aNew Delhi
_bConcept Publication
_c1985
300 _ax, 430p.
_ccm.
490 _aRanchi anthropology series; 7
650 _aSOCIOLOGY
942 _hY:351.2, M5
_cTEXL
_2CC
999 _c260487
_d260487